Warhammer Fantasy - wypisz wszystkie frakcje - Statystyki

Ogólne statystyki
  • Ten quiz został rozwiązany 142 razy
    139 od ostatniego zresetowania
  • Średni wynik to 20 z 29
Statystyki odpowiedzi
Opis Nazwa % Poprawnych
Władcy Naggaroth Mroczne Elfy
94%
Spadkobiercy Sigmara Imperium
93%
Kraina Wielkiego Niedźwiedzia Kislev
93%
Władcy Ulthuanu Wysokie Elfy
93%
Kraina Rycerstwa Bretonia
91%
Mistrzowie Stali i Kamienia Krasnoludy
88%
Władcy Athel Loren Leśne Elfy
88%
Najeźdźcy z Północy Norska
87%
Nieśmiertelni Hrabia Wampiry
85%
Orki i Gobliny Zielonoskórzy
84%
Rogate Dzieci Lasu Zwierzoludzie
84%
Dzieci Pradawnych Jaszczuroludzie
83%
Wielkie Cesarstwo Niebiańskiego Smoka Kataj
78%
Dzieci Rogatego Szczura Skaveny
77%
Synowie Hashuta Krasnoludy Chaosu
72%
Głodna Horda Ogry
71%
Legiony Faraonów Królowie Grobowców
64%
Sułtanat Ruchomych Piasków Arabia
63%
Kraina Wschodzącego Słońca Nippon
58%
Wilki Morskie Piraci z Sartosy
57%
Psy Wojny Tilea
52%
Hordy Ciemności Wojownicy Chaosu
52%
Strażnicy Krainy Zgromadzenia Niziołki
51%
Tajemnicza Wyspa Albion
49%
Postrach z zaświatów Demony Chaosu
49%
Kraina Zachodzącego Słońca Estalia
48%
Kraina Tysiąca Bogów Ind
41%
Plaga ze wschodnich Stepów Hobgobliny
29%
Służebnice Bogów Amazonki
24%
Nie znaleziono quizów pasujących do podanych kryteriów
Rozkład punktacji
Procent ludzi z każdym wynikiem
Percentyl według liczby udzielonych odpowiedzi
Twoja historia wyników
Nie rozwiązałeś tego quizu od ostatniego zresetowania